<?xml version="1.0" encoding="UTF-8"?>
<record
    xmlns:xsi="http://www.w3.org/2001/XMLSchema-instance"
    xsi:schemaLocation="http://www.loc.gov/MARC21/slim http://www.loc.gov/standards/marcxml/schema/MARC21slim.xsd"
    xmlns="http://www.loc.gov/MARC21/slim">

  <leader>01288nam a22002657a 4500</leader>
  <controlfield tag="003">NALT</controlfield>
  <controlfield tag="005">20230616154045.0</controlfield>
  <controlfield tag="008">170816b        th ||||| |||| 00| 0 tha d</controlfield>
  <datafield tag="020" ind1=" " ind2=" ">
    <subfield code="a">9786164297029</subfield>
  </datafield>
  <datafield tag="040" ind1=" " ind2=" ">
    <subfield code="a">NALT</subfield>
  </datafield>
  <datafield tag="041" ind1="1" ind2=" ">
    <subfield code="a">tha</subfield>
    <subfield code="h">eng</subfield>
  </datafield>
  <datafield tag="050" ind1=" " ind2=" ">
    <subfield code="a">HB 161</subfield>
    <subfield code="b">&#xE2A;312&#xE04; 2560</subfield>
  </datafield>
  <datafield tag="100" ind1="1" ind2=" ">
    <subfield code="9">12456</subfield>
    <subfield code="a">&#xE2A;&#xE21;&#xE34;&#xE18;, &#xE2D;&#xE14;&#xE31;&#xE21;</subfield>
  </datafield>
  <datafield tag="245" ind1="1" ind2="0">
    <subfield code="a">&#xE04;&#xE27;&#xE32;&#xE21;&#xE21;&#xE31;&#xE48;&#xE07;&#xE04;&#xE31;&#xE48;&#xE07;&#xE02;&#xE2D;&#xE07;&#xE1B;&#xE23;&#xE30;&#xE0A;&#xE32;&#xE0A;&#xE32;&#xE15;&#xE34; &#xE40;&#xE25;&#xE48;&#xE21;&#xE17;&#xE35;&#xE48; 2-3 /</subfield>
    <subfield code="c">&#xE1C;&#xE39;&#xE49;&#xE40;&#xE02;&#xE35;&#xE22;&#xE19; &#xE2D;&#xE14;&#xE31;&#xE21; &#xE2A;&#xE21;&#xE34;&#xE18; ; &#xE1C;&#xE39;&#xE49;&#xE41;&#xE1B;&#xE25; &#xE01;&#xE24;&#xE15;&#xE13;&#xE31;&#xE10; &#xE18;&#xE23;&#xE23;&#xE21;&#xE32;&#xE20;&#xE34;&#xE1A;&#xE32;&#xE25;&#xE08;&#xE34;&#xE15;; &#xE1C;&#xE39;&#xE49;&#xE40;&#xE23;&#xE35;&#xE22;&#xE1A;&#xE40;&#xE23;&#xE35;&#xE22;&#xE07; &#xE2A;&#xE34;&#xE23;&#xE34;&#xE25;&#xE31;&#xE01;&#xE29;&#xE13;&#xE4C; &#xE08;&#xE31;&#xE07;&#xE23;&#xE38;&#xE48;&#xE07;&#xE2A;&#xE01;&#xE38;&#xE25;.</subfield>
  </datafield>
  <datafield tag="250" ind1=" " ind2=" ">
    <subfield code="a">&#xE1E;&#xE34;&#xE21;&#xE1E;&#xE4C;&#xE04;&#xE23;&#xE31;&#xE49;&#xE07;&#xE17;&#xE35;&#xE48; 1</subfield>
  </datafield>
  <datafield tag="260" ind1=" " ind2=" ">
    <subfield code="a">&#xE01;&#xE23;&#xE38;&#xE07;&#xE40;&#xE17;&#xE1E;&#xE2F; :</subfield>
    <subfield code="b">&#xE41;&#xE2D;&#xE04;&#xE17;&#xE35;&#xE1F; &#xE19;&#xE23;&#xE34;&#xE49;&#xE19;&#xE17;&#xE4C;,</subfield>
    <subfield code="c">2560.</subfield>
  </datafield>
  <datafield tag="300" ind1=" " ind2=" ">
    <subfield code="a">290 &#xE2B;&#xE19;&#xE49;&#xE32; ;</subfield>
    <subfield code="c">21 &#xE0B;&#xE21;.</subfield>
  </datafield>
  <datafield tag="650" ind1=" " ind2="4">
    <subfield code="9">3473</subfield>
    <subfield code="a">&#xE40;&#xE28;&#xE23;&#xE29;&#xE10;&#xE28;&#xE32;&#xE2A;&#xE15;&#xE23;&#xE4C;</subfield>
  </datafield>
  <datafield tag="650" ind1=" " ind2="4">
    <subfield code="9">3781</subfield>
    <subfield code="a">&#xE04;&#xE27;&#xE32;&#xE21;&#xE21;&#xE31;&#xE48;&#xE07;&#xE04;&#xE31;&#xE48;&#xE07;</subfield>
  </datafield>
  <datafield tag="700" ind1="0" ind2=" ">
    <subfield code="9">54316</subfield>
    <subfield code="a">&#xE01;&#xE24;&#xE15;&#xE13;&#xE31;&#xE10; &#xE18;&#xE23;&#xE23;&#xE21;&#xE32;&#xE20;&#xE34;&#xE1A;&#xE32;&#xE25;&#xE08;&#xE34;&#xE15;</subfield>
  </datafield>
  <datafield tag="700" ind1="0" ind2=" ">
    <subfield code="9">54317</subfield>
    <subfield code="a">&#xE2A;&#xE34;&#xE23;&#xE34;&#xE25;&#xE31;&#xE01;&#xE29;&#xE13;&#xE4C; &#xE08;&#xE31;&#xE07;&#xE23;&#xE38;&#xE48;&#xE07;&#xE2A;&#xE01;&#xE38;&#xE25;</subfield>
  </datafield>
  <datafield tag="850" ind1=" " ind2=" ">
    <subfield code="a">NALT</subfield>
  </datafield>
  <datafield tag="942" ind1=" " ind2=" ">
    <subfield code="2">lcc</subfield>
    <subfield code="c">GB</subfield>
  </datafield>
  <datafield tag="998" ind1=" " ind2=" ">
    <subfield code="a">phon</subfield>
    <subfield code="b">phon</subfield>
    <subfield code="c">phon</subfield>
    <subfield code="j">8</subfield>
    <subfield code="k"> &#xE19;&#xE32;&#xE22;&#xE1A;&#xE31;&#xE13;&#xE11;&#xE34;&#xE15;  &#xE2D;&#xE38;&#xE17;&#xE32;&#xE27;&#xE07;&#xE04;&#xE4C;</subfield>
  </datafield>
  <datafield tag="999" ind1=" " ind2=" ">
    <subfield code="c">93359</subfield>
    <subfield code="d">93359</subfield>
  </datafield>
  <datafield tag="952" ind1=" " ind2=" ">
    <subfield code="0">0</subfield>
    <subfield code="1">0</subfield>
    <subfield code="2">lcc</subfield>
    <subfield code="4">0</subfield>
    <subfield code="7">0</subfield>
    <subfield code="8">CGBL</subfield>
    <subfield code="a">NALT</subfield>
    <subfield code="b">NALT</subfield>
    <subfield code="d">2017-08-16</subfield>
    <subfield code="l">3</subfield>
    <subfield code="m">1</subfield>
    <subfield code="o">HB 161 &#xE2A;312&#xE04; 2560</subfield>
    <subfield code="p">3961206732</subfield>
    <subfield code="r">2023-06-30 00:00:00</subfield>
    <subfield code="s">2023-06-16</subfield>
    <subfield code="w">2017-08-16</subfield>
    <subfield code="y">GB</subfield>
  </datafield>
</record>
